| 000 | 00554nam a2200193 a 4500 | ||
|---|---|---|---|
| 001 | 3412 | ||
| 003 | CDMR | ||
| 005 | 20130315095736.0 | ||
| 008 | 130130s1974||||||||||||||||||||||||||||d | ||
| 040 |
_aCDMR _bcat _cCDMR |
||
| 100 | 1 |
_aXammar, Eugeni _91340 |
|
| 245 | 1 | 0 |
_aSeixanta anys d'anar pel món _b: converses amb Josep Badia i Moret _cEugeni Xammar |
| 260 |
_aBarcelona _c1974 _bPòrtic |
||
| 300 |
_a582 p ; _c19 cm |
||
| 490 | 0 |
_aMemòries _v14 |
|
| 600 | 1 | 4 |
_aXammar, Eugeni _vMemòries _91340 |
| 700 | 1 |
_93034 _aBadia i Moret, Josep |
|
| 942 |
_cMON _2udc |
||
| 999 |
_c3412 _d3412 |
||